[Event "Brasilia Regional Centro Oeste"]
[Site "Brasilia"]
[Date "2014.05.10"]
[Round "3"]
[White "Carneiro, Paulo Camargo"]
[Black "Leitao, Gustavo Branco"]
[Result "1-0"]
[WhiteElo "1827"]
[BlackElo "1800"]
[PlyCount "67"]
[EventDate "2014.05.09"]
[EventType "swiss"]
[EventRounds "5"]
[EventCountry "BRA"]
[SourceTitle "CBM 160 Extra"]
[Source "ChessBase"]
[SourceDate "2014.07.01"]
[SourceVersion "1"]
[SourceVersionDate "2014.07.01"]
[SourceQuality "1"]

1. f4 d5 2. Nf3 Nc6 3. e3 Bf5 4. Bb5 a6 5. Bxc6+ bxc6 6. b3 Nf6 7. Bb2 e6 8. Ne5 c5 9. d3 Nd7 10. Qh5 Nxe5 11. Bxe5 Bg6 12. Qh3 Qd7 13. 0-0 f6 14. Bb2 Bd6 15. Nd2 0-0 16. Rad1 Qe7 17. Kh1 e5 18. f5 Be8 19. e4 d4 20. Rf3 Qf7 21. g4 h5 22. Rg3 g5 23. fxg6 Qg7 24. gxh5 Bd7 25. h6 Bxh3 26. hxg7 Kxg7 27. Rxh3 Kxg6 28. Rg1+ Kf7 29. Rh7+ Ke6 30. Rgg7 f5 31. Rg6+ Rf6 32. Rhh6 Rxg6 33. Rxg6+ Kf7 34. exf5 1-0